000
00215nam a22000857a 4500
008
170616b xxu||||| |||| 00| 0 eng d
100
_9
3452
_a
Madan. H. C
245
_a
Once in a village
260
_a
New Delhi
_b
N. B. T
_c
2009
999
_c
6826
_d
6826